| 000 | 00992cam a22002535a 4500 | ||
|---|---|---|---|
| 001 | L158258 | ||
| 008 | 110517s2014 xxk f 000 0 eng d | ||
| 020 | _a9781848063938 | ||
| 035 | _a(Sirsi) u158258 | ||
| 041 | 0 | _aeng | |
| 050 | 0 | 4 | _a693.82 $2 18 |
| 100 | 1 |
_aFraser-Mitchell, Jeremy _cDr |
|
| 245 | 0 | 0 |
_aManaging fire risk in commercial buildings _bA guide for facilities managers |
| 260 |
_aWatford _bBRE _c2014 |
||
| 300 |
_a8p. _c30cm. |
||
| 490 | 0 |
_aBRE Information Paper _v(IP 11/14) |
|
| 520 | _aFirst part explains basic methodology behind carrying out a fire risk assessment before considering how best to deal with residual risks. The second part gives a brief overview of the operation and maintenance requirements for fire detection systems, fire suppression systems, firefighting equipment and emergency lighting. | ||
| 521 | _aAdvanced | ||
| 590 | _aKA | ||
| 651 | 4 |
_aUnited Kingdom _y |
|
| 690 |
_aHealth and safety _96244 |
||
| 700 | 1 | _aTaylor, Tom | |
| 942 | _n0 | ||
| 999 |
_c115225 _d115225 |
||